000 00689nam a2200205Ia 4500
008 130821s1989 sp gr spa
040 _aCo-BoUCM
_bspa
041 _aspa
100 _aLyons, David
_9107873
245 _aÉtica y derecho
_cDavid Lyons ; Traducción de Montserrat Serra Ramoneda.
260 _aBarcelona (España)
_bAriel
_c1989
300 _a220 páginas
504 _aIncluye bibliografía e índice.
650 0 4 _aDerecho y ética
_912843
650 0 4 _aFilosofía del derecho
_915792
700 _aSerra Ramoneda, Montserrat
_eed.
_9107874
765 _tEthics and the rule of law
942 _cLIBRO
_a8
_e1
_mL96
_2DEWEY
_h340.1
999 _c2285
_d2285